[Event "Høstturneringen 2018"]
[Site "Ås, Akershus NOR"]
[Date "2018.09.20"]
[Round "3"]
[White "Kvam, Audun"]
[Black "Simonsen, Steinar"]
[Result "1-0"]
[WhiteElo "2026"]
[BlackElo "1547"]
[Annotator "Lea, Per"]
[PlyCount "57"]
[EventDate "2018.08.30"]

1. e4 e5 2. Nf3 Nc6 3. Bb5 Nge7 {Kan muligens forsvares ved at svart ønsker å
unngå teorivarianter som er analysert inn i midtspillet, eller kanskje ikke
vil ende opp med en dobbeltbonde etter et avbytte på c6. Men springeren står
bare i veien på e7.} 4. c3 (4. O-O) (4. d4) (4. Nc3 {er 3 andre gode
alternativer for hvit}) 4... a6 5. Ba4 Ng6 6. d4 exd4 7. cxd4 {Det kan umulig
være godt å tillate hvit å dominere sentrum på denne måten, hvis det da ikke
kan settes inn et motangrep i sentrum umiddelbart. Men det skjer ikke her.}
Bb4+ 8. Nc3 O-O 9. O-O Bxc3 10. bxc3 d6 11. Bg5 Nce7 12. Re1 h6 13. Be3 Bg4 14.
h3 Bd7 15. Bb3 Be6 $2 ({Bedre:} 15... Nc6) 16. d5 Bd7 17. g4 {Et tve-egget
sverd, rettferdiggjort av at de svarte springerne står litt kjeitete plassert}
Ne5 18. Nd4 {Kaster bort mesteparten av fordelen} (18. Nxe5 dxe5 19. f4 exf4
20. Bxf4 Ng6 21. Bg3 {er godt for hvit - den noe luftige kongestillingen til
tross}) 18... N5g6 (18... N7g6 {er en mer aggressiv plassering av
springerparet, selv om svarts angrep ikke slår gjennom etter} 19. f4 Qh4 20.
Kg2 Bxg4 21. hxg4 Nxg4 22. Qf3 Qxe1 23. Rxe1 Nh4+ 24. Kg3 Nxf3 25. Kxf3 Nxe3
26. Rxe3 {Svart våget sannsynligvis ikke å la springeren bli stående på e5
fordi han blir tvunget til å ofre en lett offiser etter f2-f4}) (18... g5 {er
kanskje svarts beste svar, men det har opplagt sine ulemper også.}) 19. Nf5
Nxf5 20. gxf5 Ne5 ({Eneste mulighet for å kunne kjempe videre, er} 20... Qh4
21. fxg6 fxg6 22. e5 {Andre hvite trekk gir utlikning for svart!}) 21. f4 Qh4 {
Nå er det for seint!} 22. fxe5 Qg3+ 23. Kf1 Qxh3+ 24. Ke2 Qh2+ 25. Kd3 Qxe5 26.
Bd4 Qg3+ 27. Re3 {og svarts dronning alene har ingen mulighet til å få til et
angrep} Qg2 28. Qe1 Rfe8 29. Rg3 {med dødelig dobbelttrussel. Svart kastet inn
håndkledet.} 1-0

[Event "Høstturneringen 2018"]
[Site "Ås, Akershus NOR"]
[Date "2018.09.20"]
[Round "3"]
[White "Olsen, Trygve"]
[Black "Heien, Aksel"]
[Result "1-0"]
[WhiteElo "1542"]
[BlackElo "1276"]
[Annotator "Lea, Per"]
[PlyCount "87"]
[EventDate "2018.08.30"]

1. f4 {Trygve-varianten! Svart må passe seg her, hvit har opptil flere triks
gjemt i ermet.} d5 ({Vi med hår på brøstet spiller selvfølgelig} 1... e5 {og
håper på} 2. fxe5 d6 3. exd6 Bxd6 4. Nc3 (4. Nf3 g5 5. Nc3 (5. h3 Bg3#) 5... g4
6. Nd4 Qh4+ 7. g3 Qxg3+ 8. hxg3 Bxg3#) 4... Qh4+ 5. g3 Qxg3+ (5... Bxg3+ 6.
hxg3 Qxg3# {er ikke fullt så morsomt}) 6. hxg3 Bxg3# {Men alle slike
giganttabber unngår svart med sitt førstetrekk}) 2. d4 {Virker litt rart: hva
med den etterhengende e-bonden? Ved siden av Trygve er det bare en viss Hr
Carlsen som kan finne på å spille sånn} Nc6 {"Truer" en bonde som er gardert...
Svart burde sannsynligvis prioritere utvikling av kongefløyen.} (2... Nf6) (
2... e6 {er to naturlige alternativer}) 3. Nf3 Nf6 4. c3 Bg4 5. e3 Ne4 6. Be2
e6 7. O-O Bd6 8. Nbd2 Qe7 9. Nxe4 ({Hvit kunne prøvd} 9. c4 Nxd2 10. Qxd2 dxc4
11. Bxc4 {for å få liv i e-bonden}) 9... dxe4 10. Nd2 f5 $2 {Bukker en bonde
og påfører svart isolerte dobbeltbønder i e-linja} 11. Bxg4 fxg4 12. Qxg4 g6
13. Nxe4 O-O-O 14. d5 Nb8 15. dxe6 (15. Ng5 {for å unngå å slå på e6 med
bonden er sterkere}) 15... Nc6 16. Ng5 h5 17. Qh3 Rdf8 {Feil tårn? Men kanskje
svart satser på angrep mot den hvite kongestillingen?} 18. Nf7 Rh7 19. Ng5 Rg7
20. b4 (20. e4 {er det intuitive trekket, som kanskje kan resultere i to
framskredne og sammenhengende fribønder. Men med 3 bønder over og en
livsfarlig fribonde, bør stillingen være lett vunnet for hvit.}) 20... a6 21.
a4 Nd8 22. Bb2 Re8 23. c4 Rgg8 ({Svart kunne ikke unngå tap av materiell:} 
23... c6 24. c5 Bc7 25. Bxg7) 24. c5 Nxe6 25. cxd6 cxd6 26. Ne4 Kb8 27. Nf6
Rgf8 28. Nxe8 Rxe8 29. Qg3 Nf8 30. Bd4 Qe4 31. f5 Kc7 32. a5 Kd7 33. f6 Ke6 34.
Rf4 Qc6 35. Qh3+ Kf7 36. Qg3 Re6 37. Qg5 d5 38. Qh6 Ke8 39. f7+ Ke7 40. Raf1 {
Tårndobling er vanligvis sterkt, men her var det minst to alternativer som var
sterkere} (40. Bc5+ {er det naturlige, som framtvinger kvalitetsvinst eller
"bare" fortsatt angrep:} Rd6 41. Bxd6+ Qxd6 42. Qg5+ Kd7 43. Rd1) ({Trekket
som ville innbringe bakspillernes beundring er det ikke helt opplagte} 40.
Qxf8+ $1 Kxf8 41. Bg7+ Ke7 (41... Kxg7 42. f8=Q+ Kh7 43. Rf7#) 42. f8=Q+ Kd7
43. Rf7+ Re7 44. Rxe7+ Kd6 45. Be5# ({Også} 45. Qf6# {er godkjent})) 40... Nd7
41. Qg7 ({Raskere vei til målet:} 41. f8=Q+ Nxf8 42. Qxf8+ Kd7 43. Rf7+ Re7 44.
Rxe7+ Kd6 45. Qf6#) 41... Nf8 42. Bc5+ ({Også her fungerer} 42. Qxf8+ {[%emt 0:
00:40] på samme måte som i trekk}) 42... Rd6 43. Re1 (43. Qf6+ Kd7 44. Qxd6+
Qxd6 45. Bxd6 Kxd6 {er en enkel måte å vinne på - svart kan bare gi opp her}) (
43. Rf6 {er forsert matt i høyst 7 trekk}) 43... Qc8 44. Qf6+ {Svart ga opp:
det er matt i neste} 1-0

[Event "Høstturneringen 2018"]
[Site "Ås, Akershus NOR"]
[Date "2018.10.05"]
[Round "3"]
[White "Furnes, Torstein"]
[Black "Lea, Per"]
[Result "1/2-1/2"]
[WhiteElo "1787"]
[BlackElo "1729"]
[Annotator "Lea, Per"]
[PlyCount "50"]
[EventDate "2018.08.30"]

1. d4 d5 2. c4 e6 3. Nc3 Nf6 4. cxd5 {...og der var alle svarts forberedelser
forgjeves...} (4. Bg5 {har såvidt jeg kan huske vært spilt i alle våre
tidligere møter}) 4... exd5 5. Bg5 Be7 6. e3 O-O 7. Bd3 {En skummel plan for
hvit videre kan være å sette tårnet på c1, løperen på b1, dronninga på c2
eller d3 og pøse på med bøndene på kongefløyen. Det siste punktet krever en
smule mot, siden kongen da er dømt til et liv i et kanskje utrygt sentrum.}
Nbd7 8. Nge2 c6 9. O-O Re8 10. Rc1 (10. Qc2 {er vanligere, men det er
vanskelig å kritisere en tårnplassering i en halvåpen linje}) 10... Ne4 11.
Bxe7 Qxe7 12. Nf4 {Ser ved første øyekast ut som et kunstig felt for
springeren, det truer dobbelt springerslag på d5 etterfulgt av en
springergaffel på c7} Ndf6 ({Et kort øyeblikk vurderte jeg} 12... g5 {i et
forsøk på å straffe den kunstige springerplasseringen, men da utfolder trikset
seg i all sin ynde:} 13. Nfxd5 cxd5 14. Nxd5 Qd8 15. Nc7 Nb6 16. Nxe8 Qxe8 {
med overlegen stilling for hvit}) 13. Re1 {Muliggjør et senere f3 og e4, med
håp om å bli stående med bønder på e4 og d4, mens svart ikke har noen
sentrumdbønder} ({Stockfish's anbefaling er} 13. Nxe4 Nxe4 14. Bxe4 Qxe4 15. b4
a6 16. a4 {- et kjent motiv i denne varianten: hvit vil få både i pose & sekk:
gjøre svarts d-bonde svak, dominere c-linja og med litt hell også skape
svakheter i svarts bønder på dronningfløyen. En medisin blant andre Silje
Bjerke har brukt mot meg i et Østlandsserieparti en gang på begynnelsen av
dette årtusenet.}) 13... Bf5 14. Nxe4 Bxe4 15. Qd2 Rad8 (15... Bxd3 16. Nxd3
Ne4 17. Qb4 Nd6 18. Nc5 Rab8 {med lik stilling}) 16. Bxe4 (16. Bf1 {påstås å
være hvits beste alternativ, men for noen av oss er en sånn løperplassering
ikke noe vakkert syn. Men så har vi aldri spilt i Mesterklassen i NM - og
kommer aldri til å gjøre det heller.}) 16... dxe4 {Spilt med planen Sd5, og
slå tilbake med tårnet hvis hvit bytter springere. Men det er nok en bedre
plan å slå tibake med springeren på e4. Frykten (trolig ubegrunnet) var et
bondeframstøt med f3 og e4.} 17. Qa5 (17. b4 {er kanskje objektivt bedre, men
teksttrekket var mer enn plagsomt der og da.}) 17... a6 18. Rc5 $2 ({Igjen var
} 18. b4 {bedre}) (18. Qg5 {for å prøve å få i gang et kongeangrep, hvor
tårnet også kunne komme med via c5 og g5, kunne vært et forsøk, men fungerer
nok bedre i lynsjakk enn i langsjakk.}) 18... Nd7 $2 ({Begge overser} 18... b6
19. Qxb6 Nd7 {med kvalitetsvinst, riktig nok med en viss kompensasjon:} 20.
Qxc6 Nxc5 21. Qxc5 Qxc5 22. dxc5 Rd2 23. b4 Rxa2) 19. Rc2 Nf6 20. Rec1 Nd5 21.
Nxd5 Rxd5 22. Rc5 Red8 23. b4 ({Et lte øyeblikk fryktet jeg} 23. Rxd5 Rxd5 24.
Qxd5 cxd5 25. Rc8+ Qf8 26. Rxf8+ Kxf8 {fordi kanskje d-bonden ville være en
avgjørende svakhet. Men med så mange bønder rett mot hverandre er det
vanskelig å trenge inn med kongen. Noen raske etteranalyser konkluderte da
også med at bondesluttspillene som kunne oppstå her eller noen trekk seinere
var remis.}) 23... f5 {Kanskje i overkant dristig. De totalt urealistiske
drømmen er å f bonden til f3 og dronninga til h3 - etter at hvit har satt
bonden på g3. Det er lov å drømme. ..} 24. Rxd5 Rxd5 25. Rc5 Qd7 {med
remistilbud som ble akseptert. Stockfish mener at hvit har en liten fordel
etter} (25... Qd7 26. Rxd5 cxd5 (26... Qxd5 27. Qc7 Qb5 28. Qc8+ Kf7 29. h3 h6
({Ikke} 29... Qxb4 $2 30. Qxf5+ Kg8 31. Qxe4)) 27. Qb6 Kf7 28. g3 Ke8 29. Kg2 {
men det er ikke helt lett for oss klasse 2-spillere å se hvordan hvit skal
komme videre}) 1/2-1/2

[Event "Høstturneringen 2018"]
[Site "Ås, Akershus NOR"]
[Date "2018.10.04"]
[Round "4"]
[White "Bø, Martin"]
[Black "Furnes, Torstein"]
[Result "1-0"]
[WhiteElo "1698"]
[BlackElo "1787"]
[Annotator "Furnes, Torstein"]
[PlyCount "53"]
[EventDate "2018.08.30"]

1. d4 d5 2. c4 e6 3. g3 Nf6 4. Nf3 Be7 5. Bg2 O-O 6. O-O c5 7. cxd5 Nxd5 8. e4
Nf6 9. Nc3 Nc6 10. d5 exd5 11. e5 Ne8 12. Nxd5 Bg4 {Så langt har vi fulgt
partiet Sunilduth (2418) - Swati (2260) fra 2013. Men med hvits neste trekk
forlater vi online-databasen hos ChessBase.} 13. Re1 Nd4 14. h3 Nxf3+ 15. Bxf3
Bxf3 16. Qxf3 {Iløpet av åpningen har hvit gradvis opparbeidet seg en fordel,
og den er nå oppe i litt over +1 ifølge Fritz 11.} Bg5 $4 $18 {Hvit står nå
til vinst.} 17. Rd1 Kh8 ({Fritz gir svart noen tideler bedre evaluering enn
det som ble spilt etter} 17... Bxc1 18. Raxc1 (18. Nf6+ Nxf6 19. Rxd8 Raxd8 20.
Rxc1 Nd7) 18... Qg5) 18. Bxg5 ({Førstevalget til Fritz er} 18. Nf6 Qe7 19. Nd7
Rg8 20. Bxg5 Qxg5 21. Qxb7) 18... Qxg5 19. e6 Qg6 $2 (19... Nd6) 20. e7 Rg8 21.
Nf4 Qb6 22. Qd5 Qxb2 $2 23. Qd8 $3 {En sterk avslutning av partiet ! Selv
Fritz 11 trenger en del sekunder før den "oppdager" trekket og plasserer det
på førsteplass.} Nf6 24. Qxa8 Rxa8 (24... Qxa1 25. Qxg8+ Nxg8 26. Rxa1 Nxe7)
25. Rd8+ Rxd8 (25... Ne8 26. Rxa8 Qxa1+ 27. Kg2 h6 28. Rxe8+ Kh7 29. Rd8) (
25... Ng8 26. Re1) 26. exd8=Q+ Ng8 27. Re1 1-0

[Event "Høstturneringen 2018"]
[Site "Ås, Akershus NOR"]
[Date "2018.09.27"]
[Round "4"]
[White "Lea, Per"]
[Black "Kvam, Audun"]
[Result "0-1"]
[WhiteElo "1729"]
[BlackElo "2026"]
[Annotator "Lea,Per"]
[PlyCount "66"]
[EventDate "2018.08.30"]

1. e4 c5 2. Nf3 Nc6 3. d4 cxd4 4. Nxd4 Nf6 5. Nc3 e5 6. Ndb5 d6 7. Bg5 a6 8.
Na3 b5 9. Nd5 Be7 10. Bxf6 Bxf6 11. c3 Bg5 12. Nc2 O-O 13. a4 bxa4 14. Rxa4 a5
{Samme stilling har oppstått 7 ganger i langsjakkpartier P Lea - T Furnes.
Hvit har vunnet 2, mens 5 har endt remis.} 15. Bc4 Rb8 {Her sto klokkene på 1:
34 og 1:33!} 16. b3 ({Hvit har tidligere alltid spilt} 16. Ra2 {i denne
stillingen, basert på en anbefaling av John Nunn i "Beating the Sicilian" 
(Batsford 1986). Nunn anbefaler tårntrekket, fordi hvit da har valget mellom å
spille b3 eller b4 seinere. Med 16.b3 kan et seinere b4 bli et viktig tempotap.
Men Stockfish ser ut til å foretrekke 16.b3. Et tårn på a2 ser da også litt
"rart" ut.}) 16... Bd7 ({Vanligvis spiller svart} 16... Be6 {på et tidspunkt.
Her er det trekket et alternativ.}) 17. O-O (17. h4 {er en mulighet, fordi
bonden er tabu:} Bxh4 $4 18. Qh5 Bxf2+ 19. Kxf2 h6 20. Nce3) (17. h4 Bh6 18.
Nce3 $14 (18. g4 {er for farlig: hvit får problemer med å finne en god plass
for majesteten}) 18... Bxe3 19. Nxe3 Ne7) 17... Kh8 ({En avdekker er helt
ufarlig, f.eks.:} 17... Nd4 $4 18. cxd4 Bxa4 19. bxa4 exd4 20. Nxd4 Rc8 21. Qd3
$18) 18. Qe2 ({Topalov slo Kasparov med} 18. Qd3 {i Leon (Spania) i 1998}) (18.
Nce3 {er også et trekk som forekommer i denne varianten. Med dronningtrekket
vil hvit unngå å få dobbeltbønder i e-linja eller trekke springeren på d5
tilbake etter et seinere avbytte på e3.}) 18... Ne7 19. Ra3 Nxd5 20. Bxd5 {En
temmelig lik stilling hvor mye kan skje} f5 21. exf5 Bxf5 22. Ne3 Bd7 23. Rfa1
Rb5 ({Litt bedre er} 23... Qc7 24. c4 Bc6) 24. c4 Rc5 25. Qe1 Qb6 26. Qc3 Bd8
27. Be4 g6 28. Qd3 Kg7 ({Stockfish vil heller gi bort bonden midlertidig:} 
28... Rc8 29. Rxa5 Qd4 30. Ra6 Bb6 31. Qxd4 Bxd4 32. Rd1 Bc5 33. Raxd6 Bxd6 34.
Rxd6 Bf5 35. Bd5 {og de to hvite fribøndene kan bli farlige}) 29. Rd1 ({Enda
bedre er} 29. b4 $1 Rc7 (29... axb4 30. Ra6 Qc7 31. Ra7 Qc8 32. Ra8 Qc7 33.
R1a7) 30. bxa5 Qd4 31. Qxd4 exd4 32. Nd5 {står hvit best}) 29... Rf6 30. Nd5 $2
{Hvit undervurderer de komplikasjonene som kommer} ({Bedre er:} 30. Ra2) ({og} 
30. Raa1) 30... Rxd5 $1 31. Bxd5 Qxf2+ 32. Kh1 Bg4 33. Bf3 $4 (33. Rda1 Be2 34.
Qb1 Bb6 $11 (34... Qd4 35. b4 axb4 36. Qxb4 Bb6 $11) 35. Qe1 Bd4 36. Qxf2 Rxf2
37. Rxa5 Bxa1 38. Rxa1 $11) (33. Rc1 $15) 33... Rxf3 $3 {Direkte avgjørende.
Hvit ga opp.} ({Etter} 33... Bxf3 34. gxf3 Rxf3 35. Qe4 Rf4 36. Qg2 Qe3 {må
hvit kjempe hardt for å holde hodet over vannet, men svart må slite litt for
seieren.}) (33... Rxf3 34. Qb1 Bf5 35. Ra2 Bxb1 36. Rxf2 Rxf2 37. Rxb1 {med
lett vinst. Andre hvite alternativer i trekk 34 fører til forsert matt.}) 0-1

[Event "Høstturneringen 2018"]
[Site "Ås, Akershus NOR"]
[Date "2018.09.27"]
[Round "4"]
[White "Kielland-Lund, Jon"]
[Black "Olsen, Trygve"]
[Result "1-0"]
[WhiteElo "1684"]
[BlackElo "1542"]
[PlyCount "37"]
[EventDate "2018.08.30"]

1. c4  c5 2. Nf3 Nc6 3. Nc3 e5 4. e3 Nf6 5. d4 d6 6. dxc5 e4 7.
Nd2 Bf5 8. cxd6 Bxd6 9. Be2 h5 10. f4 Qe7 11. a3 O-O-O 12. b4 Bg4 13. Qa4 b6
14. Qxc6+ Qc7 15. Qxc7+ Bxc7 16. Bxg4+ Nxg4 17. Ndxe4 Rd3 18. Nd5 Re8 19. Nf2
1-0

[Event "Høstturneringen 2018"]
[Site "Ås, Akershus NOR"]
[Date "2018.09.27"]
[Round "4"]
[White "Aamodt, Peder Marcus"]
[Black "Samset, Jon"]
[Result "1-0"]
[WhiteElo "1369"]
[BlackElo "1404"]
[PlyCount "105"]
[EventDate "2018.08.30"]

1. e4  g6 2. d4 d6 3. Nf3 Nf6 4. Nc3 a6 5. h3 b5 6. a3 Bg7 7.
Bg5 O-O 8. Bd3 Bb7 9. Qd2 Nbd7 10. O-O c5 11. d5 c4 12. Be2 Nc5 13. Bxf6 Bxf6
14. Qe3 Bxc3 15. bxc3 Kg7 16. Nd4 e6 17. dxe6 Bxe4 18. exf7 Bxc2 19. Nxc2 Rxf7
20. Qd4+ Kg8 21. Bf3 Nb3 22. Qd1 Nxa1 23. Nxa1 Raa7 24. Bd5 Qf6 25. Bxf7+ Rxf7
26. Qd4 Qe6 27. Nc2 Qe2 28. Nb4 a5 29. Nc6 a4 30. Qd5 Kg7 31. Qxd6 Rf6 32. Qe7+
Qxe7 33. Nxe7 Re6 34. Nd5 Re2 35. Ra1 Re5 36. Nb4 Re2 37. Rb1 Rd2 38. Kf1 Kf6
39. Ke1 Rd6 40. Na2 Rb6 41. Nc1 Ke5 42. f3 Kf4 43. Ne2+ Ke3 44. Nd4 Kd3 45.
Rxb5 Rd6 46. Rb4 Rd5 47. Rb5 Rd6 48. Rc5 Rd7 49. Nb5 Re7+ 50. Kf2 h5 51. Rg5
Re6 52. Rd5+ Kc2 53. Nd4+ 1-0

[Event "Høstturneringen 2018"]
[Site "Ås, Akershus NOR"]
[Date "2018.09.27"]
[Round "4"]
[White "Lange, Magnus Øyvind"]
[Black "Skaret, Runar"]
[Result "1-0"]
[WhiteElo "1367"]
[BlackElo "1434"]
[Annotator "Skaret, Runar"]
[PlyCount "58"]
[EventDate "2018.08.30"]

1. e4 {Kommentarer fra Runar & Stockfish} c5 2. Nf3 g6 {Siciliansk forsvar.
Stockfish liker ikke dette forsvaret, +0,6} 3. Nc3 {Stockfish ville heller ha
d4 selv om jeg da kunne tatt senterbonden til hvit med cxd4. Hvorfor det? +0,0}
Nc6 4. Bc4 Bg7 5. d3 Nf6 6. Be3 d6 7. h3 O-O 8. Qd2 Na5 {Jeg trodde dette var
godt siden hvit ville få en dobbeltbonde etter Nxc4. Men Stockfish mener at
hvit er bedre etter dxc4. Kanskje fordi hvit får en halvåpen d-linje? +0,3} 9.
Bb3 {-0,2} Nxb3 10. axb3 a6 11. e5 {Fordel meg dersom jeg tar bonden med dxe5.
Kanskje fordi det nå er meg som får en halvåpen d-linje? -0,3} Nd7 {+0,0} 12.
exd6 exd6 13. O-O Re8 {SF mener jeg burde spilt b6 og gitt mer forsvar til
c-bonden mot d4. +0,6} 14. Bh6 {+0,0} Ne5 {+0,6} 15. Nxe5 {+0,0} Bxe5 16. Bf4
b5 17. Bxe5 Rxe5 18. d4 Rg5 19. Ne4 Rd5 20. c3 b4 {Her overser jeg hvits
trussel Nf6+ gaffel} 21. Qf4 {Magnus har sett det} bxc3 {+6,7} 22. Nf6+ Qxf6
23. Qxf6 cxb2 24. Rae1 Bf5 25. dxc5 dxc5 26. Qxb2 Rb8 27. Re5 Be6 28. Rxd5 Bxd5
29. Qe5 Bxb3 1-0

[Event "Høstturneringen 2018"]
[Site "Ås, Akershus NOR"]
[Date "2018.10.11"]
[Round "5"]
[White "Kvam, Audun"]
[Black "Moberg, Jan Rune"]
[Result "1-0"]
[WhiteElo "2026"]
[BlackElo "1643"]
[PlyCount "75"]

1. e4 d6 2. d4 Nf6 3. Bd3 e5 4. c3 c6 5. Ne2 Be7 6. O-O Bg4 7. f3 Bc8 8. f4 Qc7
9. h3 Nbd7 10. Ng3 c5 11. Be3 O-O 12. Nf5 Bd8 13. Nd2 b6 14. Nc4 d5 15. exd5
Nxd5 16. dxe5 Nxe3 17. Ncxe3 c4 18. Nxc4 Nc5 19. Ncd6 Nxd3 20. Qxd3 Be6 21. Qg3
f6 22. c4 g6 23. b3 Be7 24. Nxe7+ Qxe7 25. Ne4 fxe5 26. fxe5 Bf5 27. Nf6+ Kh8
28. Rad1 Rad8 29. Rd5 Be6 30. Rxd8 Rxd8 31. Qg5 Rd3 32. Nxh7 Qc5+ 33. Kh2 Kxh7
34. Rf4 Bf5 35. Qf6 Rd4 36. Qh4+ Kg7 37. Rxd4 Qxe5+ 38. Qf4 1-0

[Event "Høstturneringen 2018"]
[Site "Ås, Akershus NOR"]
[Date "2018.10.11"]
[Round "5"]
[White "Lea, Per"]
[Black "Bø, Martin"]
[Result "0-1"]
[WhiteElo "1729"]
[BlackElo "1698"]
[PlyCount "90"]
[EventDate "2018.08.30"]

1. e4 c5 2. Nf3 d6 3. d4 cxd4 4. Nxd4 Nf6 5. Nc3 g6 6. Be3 Bg7 7. f3 O-O 8. Qd2
Nc6 9. O-O-O Bd7 10. g4 Rc8 11. h4 Ne5 12. h5 Qa5 13. Nb3 Qc7 14. Be2 b5 15.
hxg6 fxg6 16. g5 $2 b4 17. gxf6 bxc3 18. Qxc3 Qxc3 19. bxc3 Bxf6 20. Kb2 $2
Nxf3 21. Nd4 Ne5 22. Bc1 Nc4+ 23. Kb3 Na5+ 24. Kb2 Rb8+ 25. Ka1 Rfc8 26. Bb2
Nc6 27. Bc4+ Kg7 28. Ne6+ Bxe6 29. Bxe6 Rc7 30. Rh3 Rcb7 31. Bb3 Ne5 32. Rd4 h5
33. c4 Nd7 34. Rd5 Bxb2+ 35. Kxb2 Rc7 36. Rd4 Ne5 37. Kc3 Rf8 38. Kb2 Rf4 39.
Re3 g5 40. Rd5 h4 41. Kc3 g4 42. Rd2 Rf3 43. Rxf3 Nxf3 44. Rg2 Ne5 45. Kd4 h3
0-1

[Event "Høstturneringen 2018"]
[Site "Ås, Akershus NOR"]
[Date "2018.10.11"]
[Round "5"]
[White "Furnes, Torstein"]
[Black "Johansen, Anders S"]
[Result "1/2-1/2"]
[WhiteElo "1787"]
[BlackElo "1881"]
[Annotator "Furnes, Torstein"]
[PlyCount "82"]
[EventDate "2018.??.??"]

1. d4 d5 2. c4 c6 3. cxd5 cxd5 4. Bf4 Nf6 5. Nc3 Nc6 6. e3 Bf5 7. Qb3 Na5 8.
Qa4+ Bd7 9. Qc2 Rc8 10. Bd3 b5 11. a3 e6 12. Nf3 Nc4 13. O-O h6 14. Ne5 a6 15.
Bg6 $5 Nxe5 ({Springeren kan selvsagt ikke slås:} 15... fxg6 $4 16. Qxg6+ Ke7
17. Qf7+ Kd6 18. Nxd7+ Kc6 19. Qxe6+) 16. dxe5 Ng8 (16... d4 $1) 17. Bd3 Ne7
18. Rac1 Nc6 19. Bg3 Na5 20. Qe2 Nc4 21. e4 d4 22. Nb1 Nb6 23. f4 (23. Nd2 $16)
23... Be7 24. f5 $6 {Fritz er ikke så begeistret for dette bondefremstøtet.}
Bg5 25. Rxc8 Bxc8 26. Nd2 O-O 27. f6 $1 Bxd2 (27... gxf6 28. exf6 Bxf6 $2 29.
e5 Bg7 30. Qe4 f5 31. exf6 Rxf6 32. Qh7+ Kf8 33. Rc1 $18 {med vinnende angrep.}
) 28. Qxd2 Nc4 29. Bxc4 bxc4 30. fxg7 ({Det hadde vært sterkere å spille} 30.
Bf4 Kh7 31. fxg7 Rg8 32. Bxh6 Qh4 33. Bg5 Qxe4 34. Rf4 Qe3+ 35. Qxe3 dxe3 36.
Bf6 Rxg7 37. Bxg7 Kxg7 38. Rxc4) 30... Kxg7 31. Rf6 ({Litt bedre er} 31. Bf4
Rh8 32. Rf3) 31... Rh8 32. Qf4 ({Nok en gang er det bedre å spille løperen til
f4.} 32. Bf4 Kf8 33. Qf2) 32... Qg8 $2 $18 {Ifølge Fritz står hvit til vinst
etter dette trekket. En vinstplan kan være å forflytte løperen via e1 til b4,
der den får kontroll over viktige felter rundt svarts konge.} 33. Qh4 $6 ({
Hvit vinner etter f.eks.} 33. Be1 Kf8 34. Bb4+ Ke8 (34... Kg7 35. Qg4+ Kh7 36.
Rxh6+ $3 Kxh6 37. Bd2+ Kh7 38. Qh5+ Kg7 39. Qg5+ Kf8 40. Bb4+ Ke8 41. Qe7#) 35.
Qf1 d3 36. Qf2 $18) 33... Kf8 34. Bf4 Ke8 35. Rxh6 $2 $11 (35. Qf2 $18 {fulgt
av slag på d4 er bedre.}) 35... Rxh6 36. Qxh6 Qg6 37. Qh8+ ({Sluttspillet med
ulikefargede løpere etter} 37. Qxg6 fxg6 {er sannsynligvis remis.}) 37... Kd7
38. Qf8 Qxe4 39. Qxf7+ Kc6 40. Qe8+ Kb7 ({Svart må passe seg for} 40... Bd7 $4
41. Qa8+ Kc5 42. Qxe4) 41. Qf7+ Kc6 {Fritz gir en vurdering på 0.00 og er
altså enig i at stillingen er remis.} 1/2-1/2

[Event "Høstturneringen 2018"]
[Site "Ås, Akershus NOR"]
[Date "2018.10.11"]
[Round "5"]
[White "Rønbeck, Bjørn"]
[Black "Kielland-Lund, Jon"]
[Result "1-0"]
[WhiteElo "1500"]
[BlackElo "1684"]
[PlyCount "65"]

1. e4 c6 2. d4 d5 3. Nc3 dxe4 4. Nxe4 Bf5 5. Ng3 Bg6 6. Nf3 Nd7 7. Bd3 Qc7 8.
Be3 Ngf6 9. Qd2 e6 10. Bf4 Bd6 11. Bxd6 Qxd6 12. Bxg6 hxg6 13. O-O-O a5 14. Ng5
Qd5 15. Kb1 Qxg2 16. Rdg1 Qd5 17. Qf4 b5 18. Re1 O-O 19. h4 Nh5 20. Nxh5 gxh5
21. Rhg1 Rae8 22. Rd1 Re7 23. Qg3 g6 24. Qe3 Kg7 25. Ne4 f6 26. Qd3 Qf5 27. Rg3
Kh7 28. Rdg1 Rg8 29. Rf3 Qd5 30. Rxf6 Qc4 31. Qe3 Reg7 32. Ng5+ Kh8 33. Nf7+
1-0